Witamy w Bibliotece Naukowej Instytutu Łączności!

Problemy obespecenija sovmestnoj raboty radioelektronnoj apparatury / (Rekord nr 7764)

000 -LEADER
fixed length control field 00356 a2200097 4500
100 1# - MAIN ENTRY--PERSONAL NAME
Personal name Knjazev, A.D..
Relator term Autor
245 0# - TITLE STATEMENT
Title Problemy obespecenija sovmestnoj raboty radioelektronnoj apparatury /
Statement of responsibility, etc Knjazev A.D., Pcelkin V.F..
Number of part/section of a work 6 vyp.
260 ## - PUBLICATION, DISTRIBUTION, ETC. (IMPRINT)
Place of publication, distribution, etc Moskva :
Name of publisher, distributor, etc Sovetskoe Radio,
Date of publication, distribution, etc 1971.
300 ## - PHYSICAL DESCRIPTION
Extent ;
Dimensions 24 cm.
700 1# - ADDED ENTRY--PERSONAL NAME
Personal name Pcelkin, V.F..
Relator term Autor
710 2# - ADDED ENTRY--CORPORATE NAME
Corporate name or jurisdiction name as entry element Sovetskoe Radio.
Relator term Wydawca
Relator code pbl

Brak dostępnych egzemplarzy.

Działa dzięki Koha